000 00422nam a2200145Ia 4500
008 230917s9999||||xx |||||||||||||| ||und||
040 _e145875
_aMAIN
041 _aEnglish
082 _a784.01 B765N
100 _aBrihaspati, Acharya
245 0 _aNatyashastra 28th adhyaya: Swaradhyaya (Sanskrit bhashya tatha Hindi-Tika sahit)
260 _aNew Delhi
_bBrihaspati Publications
_c1986
300 _a325 p.
942 _cBK
999 _c56318
_d56318